000 01806cam a2200481 a 4500
999 _c24153
_d24153
001 vtls011592943
005 20260226101244.0
008 240318s2016 xo o g h 000 0aslo
020 _a9788055151885
_q(viaz.)
035 _aurn:nbn:sk:snk-am00e0bz
035 _aurn:nbn:sk:snk-am3iae9
035 _a01C654D6-4EE4-426C-9ED3-29A7668B7B61
040 _aTTKJF
_bslo
_cTTKJF
_dSNK
_eAACR2
041 0 _aslo
044 _axo
_cSK
072 7 _a323
_xVnútropolitický vývoj, politický život
_2konspekt
072 7 _a929
_xBiografie
_2konspekt
080 _a323.12"1939/1945"
_22011
080 _a(=411.16)
_22011
080 _a(0:82-94)
_22011
080 _a343.819.5
_22011
080 _a323.28
_22011
080 _a(437.6)
_22011
080 _a(4)
_22001
100 1 _aFischerová, Viola,
_d1922-2017
_4aut
_95468
245 1 0 _aMengeleho dievča
_bskutočný príbeh Slovenky, ktorá prežila štyri koncentračné tábory
_cViola Stern Fischerová, Veronika Homolová Tóthová
260 _aBratislava
_bIkar
_c2016
300 _a367 s.
_bfotogr.
_c21 cm
600 1 7 _aFischerová, Viola,
_d1922-2017
_2SNKMA
_95468
650 0 7 _aholokaust (1939-1945)
_2SNKPH
_91733
650 0 7 _aŽidia
_zSlovensko
_2SNKPH
_92020
650 0 7 _aHolocaust (1939-1945)
_2SNKPHeng
_91738
650 0 7 _aJews
_zSlovakia
_2SNKPHeng
_92022
650 0 7 _akoncentračné táboty
_zEurópa
_2SNKPH
_95469
650 0 7 _aConcentration camps
_zEurope
_2SNKPHeng
_95470
650 0 7 _aŽidia
_xperzekúcie
_2SNKPH
_95471
650 0 7 _aJews
_xpersecution
_2SNKPHeng
_95472
655 7 _aautobiografické spomienky
_2SNKPH
_92024
655 7 _aAutobiographical reminiscences
_2SNKPHeng
_92025
700 1 _aHomolová Tóthová, Veronika,
_d1980-
_4aut
_95473
958 _aBX